000 00495nam a2200181Ia 4500
003 OSt
005 20200804101925.0
008 190216s9999||||xx |||||||||||||| ||und||
020 _a9788132210740
040 _coclc
082 _a511.5
_bBON/G
100 _aBondy, J A
_93928
245 0 _aGraph Theory /
_cJ A Bondy ; U S R Murty
260 _bSpringer,
_c2013.
_aNew York:
300 _a651p
650 _aMathematics
942 _cBK
_2ddc
_h511.5
_iBON/G
_k511.5
_mBON/G
999 _c32441
_d32441